|
|
|
|
| LEADER |
00000cam a2200000 7i4500 |
| 001 |
0000018720 |
| 005 |
20080610.0 |
| 008 |
080610 |
| 020 |
|
|
|a 9834205406
|
| 090 |
0 |
0 |
|a 371.1
|b YEO
|
| 100 |
1 |
|
|a Yeong, Debbie
|
| 245 |
1 |
4 |
|a Lessons teachers learned :
|b God is in the classroom
|c Debbie Yeong
|
| 650 |
|
0 |
|a Education
|x Curricula
|x Study and teaching
|
| 650 |
|
0 |
|a Lecture method in teaching
|x Congresses
|
| 650 |
|
0 |
|a Teachers
|
| 999 |
|
|
|a 0001023205
|b Book
|c Adult Collection
|e Perbadanan Perpustakaan Awam Johor
|
| 999 |
|
|
|a 0001023206
|b Book
|c Adult Collection
|e Perbadanan Perpustakaan Awam Johor
|